Z diskoték rovno do mundúru Civilná služba nie je ulievárňou

Bibliographic Details
Main Author: Čurma, Miroslav (Author)
Corporate Author: Mestská vojenská správa (Košice, Slovensko) (Author)
Format: Article
Language:Slovak
Subjects:

MARC

LEADER 00000nab a2200000 a 4500
001 vtls000918840
003 SK-MaSNL
005 20260303034247.0
008 040720e19931230xo 0 slo
035 |a KE27717 
040 |a KEVKJB  |b slo  |c KEVKJB  |e AACR2 
041 0 |a slo 
044 |a xo  |c SK 
080 |a 355.211  |2 1981 
100 1 |a Čurma, Miroslav  |4 aut  |9 842852 
245 1 0 |a Z diskoték rovno do mundúru  |b Civilná služba nie je ulievárňou 
610 2 7 |a Mestská vojenská správa (Košice, Slovensko)  |2 KEVKJB  |9 94933 
650 0 7 |a odvody brancov  |2 KEVKJB  |9 1019322 
650 0 7 |a podmienky  |2 KEVKJB  |9 854132 
650 0 7 |a informácie  |2 KEVKJB  |9 1285 
651 7 |a KE,  |2 KEVKJB  |9 877256 
655 7 |a periodikum  |2 snkbucl  |9 29553 
710 2 |a Mestská vojenská správa (Košice, Slovensko)  |4 aut  |9 94933 
773 0 8 |t Lúč  |g Roč. 2, č.303, 30.12.1993, s. 4 
852 |a ZVYKNI  |b KIS3GCP 
999 |c 1672929  |d 1674859